| 000 | 00572nam a2200181Ia 4500 | ||
|---|---|---|---|
| 008 | 100917s9999 xx 000 0 und d | ||
| 082 | _b63749 | ||
| 100 | _aजावडेकर मुरलीधर | ||
| 245 | _aमस्तानीचा बाजीराव | ||
| 260 |
_bजावडेकर प्रकाशन _c1967 |
||
| 300 | _a94 | ||
| 365 | _b4 | ||
| 520 | _aनाटक | ||
| 630 | _aमस्तानीचा बाजीराव | ||
| 650 | _aनाटक | ||
| 730 | _aमस्तानीचा बाजीराव | ||
| 942 | _cBOOK | ||
| 999 |
_c669143 _d669140 |
||